Měření v systémech managementu jakosti
Salvato in:
| Autore principale: | |
|---|---|
| Natura: | Libro |
| Lingua: | ceco |
| Pubblicazione: |
Praha
Management Press
2004
|
| Edizione: | 2. dopl. vyd |
| Soggetti: | |
| Tags: |
Nessun Tag, puoi essere il primo ad aggiungerne!!
|
MARC
| LEADER | 00000nam a2200000 4500 | ||
|---|---|---|---|
| 001 | 0019690 | ||
| 005 | 20240306141530.7 | ||
| 020 | |a 80-7261-110-0 | ||
| 041 | 0 | |a cze | |
| 044 | |a CZ | ||
| 245 | 1 | 0 | |a Měření v systémech managementu jakosti |c Jaroslav Nenadál |
| 250 | |a 2. dopl. vyd | ||
| 264 | 1 | |a Praha |b Management Press |c 2004 | |
| 300 | |a 335 s. | ||
| 610 | 2 | 0 | |a manažment |
| 610 | 2 | 0 | |a riadenie kvality |
| 610 | 2 | 0 | |a meranie produktivity |
| 610 | 2 | 0 | |a kvalita |
| 610 | 2 | 0 | |a normy ISO |
| 610 | 2 | 0 | |a spokojnosť zákazníkov |
| 610 | 2 | 0 | |a benchmarking |
| 610 | 2 | 0 | |a zber dát |
| 610 | 2 | 0 | |a financie |
| 610 | 2 | 0 | |a výdavky |
| 610 | 2 | 0 | |a výkonnosť |
| 610 | 2 | 0 | |a systém riadenia kvality |
| 610 | 2 | 0 | |a systémy riadenia |
| 610 | 2 | 0 | |a sebahodnotenie |
| 100 | 1 | |a Nenadál, Jaroslav | |